| LEADER | 01916nam a2200337 u 4500 | ||
|---|---|---|---|
| 001 | 10119309 | ||
| 003 | upatras | ||
| 005 | 20210117205748.0 | ||
| 008 | 160302m18781884uk eng | ||
| 040 | |a GR-PaULI |c GR-PaULI | ||
| 041 | 1 | |a eng | |
| 082 | 0 | 4 | |a 540 |
| 100 | 1 | |a Roscoe, Henry E. |d 1833-1915 |q ((Henry Enfield)) |4 aut |9 149228 | |
| 245 | 1 | 0 | |a A treatise on chemistry |c by H. E. Roscoe and C. Schorlemmer |
| 260 | |a London |b Macmillan |c 1878-1884 | ||
| 300 | |a 3 τ. |c 23 εκ. | ||
| 500 | |a Περιέχει ευρετήριο | ||
| 505 | 0 | |a τ.2.1. Metals - viii, 504 σ. - 1878 -- |a τ.3.1. The chemistry of the hydrocarbons and their derivatives or organic chemistry - x, 724 σ. - 1881 -- |a τ.3.2. The chemistry of the hydrocarbons and their derivatives or organic chemistry - ix, 655 σ. - 1884 -- | |
| 650 | 4 | |a Χημεία |9 424 | |
| 700 | 1 | |a Schorlemmer, Carl |d 1834-1892 |4 aut |9 149229 | |
| 773 | 0 | |t Metals | |
| 773 | 0 | |t The chemistry of the hydrocarbons and their derivatives or organic chemistry | |
| 852 | |a GR-PaULI |b ΠΑΤΡΑ |b ΒΚΠ |b ΒΣ1 |k ΑΣΧΞ |h 540 ROS |m 03263 |p 025000240819 |t 1 |3 τ.3.1 | ||
| 852 | |a GR-PaULI |b ΠΑΤΡΑ |b ΒΚΠ |b ΒΣ1 |k ΑΣΧΞ |h 540 ROS |m 03272 |p 025000240820 |t 1 |3 τ.2.1 | ||
| 852 | |a GR-PaULI |b ΠΑΤΡΑ |b ΒΚΠ |b ΒΣ1 |k ΑΣΧΞ |h 540 ROS |m 04373 |p 025000240821 |t 1 |3 τ.3.2 | ||
| 942 | |2 ddc |c BK15 | ||
| 952 | |0 0 |1 0 |3 τ.3.1 |4 0 |6 540_000000000000000_ROS |7 0 |9 189835 |a LISP |b LISP |c BSC |d 2016-04-24 |i 03263 |l 0 |o 540 ROS |p 025000240819 |r 2016-04-24 00:00:00 |t 1 |w 2016-04-24 |y BK15 | ||
| 952 | |0 0 |1 0 |3 τ.2.1 |4 0 |6 540_000000000000000_ROS |7 0 |9 189836 |a LISP |b LISP |c BSC |d 2016-04-24 |i 03272 |l 0 |o 540 ROS |p 025000240820 |r 2016-04-24 00:00:00 |t 1 |w 2016-04-24 |y BK15 | ||
| 952 | |0 0 |1 0 |3 τ.3.2 |4 0 |6 540_000000000000000_ROS |7 0 |9 189837 |a LISP |b LISP |c BSC |d 2016-04-24 |i 04373 |l 0 |o 540 ROS |p 025000240821 |r 2016-04-24 00:00:00 |t 1 |w 2016-04-24 |y BK15 | ||
| 998 | |c ΜΠΟΥΡΑΣ |d 2016-03 | ||
| 999 | |c 116926 |d 116926 | ||